[Event "XXII Olimpiadi"]
[Site "Haifa ISR"]
[Date "1976.10.27"]
[Round "3.2"]
[White "Toth, Bela"]
[Black "Balinas, Rosendo Carrean"]
[Result "1-0"]
[WhiteElo "2405"]
[BlackElo "2365"]
[Annotator "ITA-PHI"]
[PlyCount "99"]
[EventDate "1976.10.25"]

1. d4 Nf6 2. c4 e6 3. Nc3 Bb4 4. Qc2 O-O 5. a3 Bxc3+ 6. Qxc3 Ne4 7. Qc2 f5 8.
Nf3 d6 9. g3 a5 10. b3 Nd7 11. Bg2 a4 12. b4 c6 13. O-O d5 14. c5 b6 15. cxb6
Qxb6 16. Bf4 Ba6 17. Ne5 Nxe5 18. Bxe5 Bc4 19. Rac1 Qd8 20. Rfe1 Qe8 21. f3 Ng5
22. Bf4 Qh5 23. Bxg5 Qxg5 24. f4 Qh5 25. Qd2 Bb5 26. Qe3 Rf6 27. Bf3 Qh3 28.
Qf2 Rb8 29. e3 h5 30. Qg2 Qxg2+ 31. Kxg2 g6 32. Be2 Rb6 33. Kh3 Rf7 34. Bxb5
cxb5 35. Kh4 Kg7 36. Kg5 h4 37. Rc8 hxg3 38. hxg3 Rbb7 39. Rh1 Rf8 40. Rc6 Re8
41. Rh6 Kg8 42. Rxg6+ Kf7 43. Rf6+ Kg7 44. Rfxe6 Rxe6 45. Rxe6 Rc7 46. Kxf5 Rc3
47. g4 Rxa3 48. Re7+ Kf8 49. Rb7 Rxe3 50. Rxb5 1-0

[Event "XXII Olimpiadi"]
[Site "Haifa ISR"]
[Date "1976.10.30"]
[Round "5.3"]
[White "Hartston, William Roland"]
[Black "Grinza, Andrea"]
[Result "1-0"]
[WhiteElo "2445"]
[BlackElo "2335"]
[Annotator "ITA-ENG"]
[PlyCount "63"]
[EventDate "1976.10.25"]

1. d4 Nf6 2. c4 e6 3. Nc3 Bb4 4. Bg5 h6 5. Bh4 c5 6. d5 Bxc3+ 7. bxc3 d6 8. e3
e5 9. Qc2 Nbd7 10. Bd3 Qe7 11. f3 O-O 12. Ne2 g5 13. Bg3 b5 14. h4 g4 15. cxb5
Nxd5 16. Qd2 N5f6 17. e4 Kg7 18. h5 Nh7 19. Bh4 Ng5 20. a4 gxf3 21. Ng3 f5 22.
exf5 e4 23. Nxe4 Bb7 24. Bxg5 hxg5 25. gxf3 Rxf5 26. O-O-O Ne5 27. Nxd6 Rxf3
28. Rhe1 Qf6 29. Be4 Rf2 30. Qe3 Bxe4 31. Nxe4 Nc4 32. Qxf2 1-0

[Event "XXII Olimpiadi"]
[Site "Haifa ISR"]
[Date "1976.10.30"]
[Round "5.4"]
[White "Micheli, Carlo"]
[Black "Mestel, Jonathan Andrew"]
[Result "0-1"]
[WhiteElo "2305"]
[BlackElo "2390"]
[Annotator "ITA-ENG"]
[PlyCount "71"]
[EventDate "1976.10.25"]

1. e4 c5 2. Nf3 d6 3. d4 cxd4 4. Nxd4 Nf6 5. Nc3 g6 6. h3 Bg7 7. Bc4 O-O 8. Bb3
a6 9. O-O b5 10. Re1 Bb7 11. a4 b4 12. Nd5 e6 13. Nxf6+ Bxf6 14. Bh6 Re8 15.
Qd2 Qb6 16. Rad1 Nd7 17. Nf3 Bxb2 18. Qxd6 Qxd6 19. Rxd6 Nc5 20. Nd2 Bc3 21. f3
Rad8 22. Rxd8 Rxd8 23. Re2 a5 24. Be3 Nxb3 25. cxb3 Ba6 26. Rf2 Rd3 27. Nf1 Rd1
28. f4 Rb1 29. Bb6 Rxb3 30. Kh2 Be1 31. Rc2 Bxf1 32. Rc8+ Kg7 33. Bd4+ Kh6 34.
Kg1 Ba6 35. Ra8 Bg3 36. Kh1 0-1

[Event "XXII Olimpiadi"]
[Site "Haifa ISR"]
[Date "1976.10.30"]
[Round "5.1"]
[White "Miles, Anthony John"]
[Black "Tatai, Stefano"]
[Result "1/2-1/2"]
[WhiteElo "2510"]
[BlackElo "2465"]
[Annotator "ITA-ENG"]
[PlyCount "67"]
[EventDate "1976.10.25"]

1. e4 c5 2. f4 e6 3. Nf3 d5 4. Bb5+ Bd7 5. Bxd7+ Nxd7 6. d3 Bd6 7. O-O Ne7 8.
Nc3 O-O 9. Qe2 a6 10. f5 d4 11. fxe6 fxe6 12. Nd1 Ng6 13. Nf2 Bf4 14. Nh3 Bxc1
15. Raxc1 h6 16. c3 Nde5 17. Nxe5 Rxf1+ 18. Rxf1 Nxe5 19. Nf2 Qd6 20. c4 Rf8
21. Ng4 Rxf1+ 22. Kxf1 h5 23. Nxe5 Qxe5 24. g3 Qg5 25. Kg2 h4 26. Qf2 hxg3 27.
hxg3 e5 28. b3 g6 29. Qe1 b6 30. b4 cxb4 31. Qxb4 Qe3 32. Qxb6 Qd2+ 33. Kh3
Qh6+ 34. Kg2 1/2-1/2

[Event "XXII Olimpiadi"]
[Site "Haifa ISR"]
[Date "1976.10.30"]
[Round "5.2"]
[White "Toth, Bela"]
[Black "Keene, Raymond Dennis"]
[Result "1/2-1/2"]
[WhiteElo "2405"]
[BlackElo "2460"]
[Annotator "ITA-ENG"]
[PlyCount "80"]
[EventDate "1976.10.25"]

1. d4 Nf6 2. c4 e6 3. Nc3 Bb4 4. Qc2 O-O 5. a3 Bxc3+ 6. Qxc3 b6 7. Bg5 c5 8.
Nf3 Bb7 9. dxc5 bxc5 10. Nd2 d6 11. Bxf6 Qxf6 12. Qxf6 gxf6 13. e3 Nd7 14. Be2
Rfd8 15. Rc1 Kf8 16. f3 a5 17. Kf2 Bc6 18. Nb1 Nb6 19. Nc3 Na4 20. Nxa4 Bxa4
21. Bd1 Bxd1 22. Rhxd1 Rab8 23. Rd2 Rb6 24. e4 Rdb8 25. Rcc2 Ke7 26. Ke2 Rb3
27. Kd1 Rg8 28. Re2 Rg5 29. Rcd2 Rg8 30. Kc1 h5 31. h4 Rgb8 32. Re1 R8b6 33.
Rh1 Re3 34. Kc2 Reb3 35. Rb1 Rb8 36. Rd3 R3b6 37. Re3 Rg8 38. Rg1 Rgb8 39. Rb1
Rg8 40. Re2 Rgb8 1/2-1/2

[Event "XXII Olimpiadi"]
[Site "Haifa ISR"]
[Date "1976.10.31"]
[Round "6.2"]
[White "Harandi, Khosro Sheik"]
[Black "Grinza, Andrea"]
[Result "1-0"]
[WhiteElo "2380"]
[BlackElo "2335"]
[Annotator "ITA-IRN"]
[PlyCount "115"]
[EventDate "1976.10.25"]

1. e4 c6 2. d4 d5 3. Nc3 dxe4 4. Nxe4 Bf5 5. Ng3 Bg6 6. h4 h6 7. Nf3 Nd7 8. h5
Bh7 9. Bd3 Bxd3 10. Qxd3 Ngf6 11. Bd2 Qc7 12. O-O-O e6 13. Qe2 O-O-O 14. Ne5
Nb6 15. c4 Rxd4 16. Be3 Rxd1+ 17. Rxd1 Qxe5 18. Rd8+ Kxd8 19. Bxb6+ axb6 20.
Qxe5 Kc8 21. Ne4 Nxe4 22. Qxe4 Be7 23. Qd4 Rd8 24. Qxb6 Bg5+ 25. Kc2 Rd2+ 26.
Kc3 Re2 27. Qc5 Kc7 28. Kd3 Rd2+ 29. Ke4 b6 30. Qf8 Rxf2 31. Qxg7 Kb7 32. b4
Rf4+ 33. Kd3 b5 34. c5 Rf5 35. Kc2 e5 36. Qf8 Rf6 37. Qe7+ Kc8 38. Qxe5 Kd7 39.
Kb3 Re6 40. Qb8 Bd8 41. Qf4 Rf6 42. Qd4+ Ke7 43. a4 bxa4+ 44. Kxa4 Bc7 45. Qh4
Ke6 46. Qg4+ Ke7 47. Qc8 Bg3 48. b5 cxb5+ 49. Kxb5 Re6 50. Qb7+ Kf8 51. Qf3 Bc7
52. c6 Kg7 53. Ka6 Kg8 54. Kb7 Bd6 55. Qd5 Re7+ 56. Kc8 Bc7 57. Qc5 Re5 58. Qd4
1-0

[Event "XXII Olimpiadi"]
[Site "Haifa ISR"]
[Date "1976.10.31"]
[Round "6.3"]
[White "Paoli, Enrico"]
[Black "Shirazi, Kamran G."]
[Result "1-0"]
[WhiteElo "2265"]
[BlackElo "2275"]
[Annotator "ITA-IRN"]
[PlyCount "119"]
[EventDate "1976.10.25"]

1. e4 d6 2. d4 Nf6 3. Nc3 g6 4. Nf3 Bg7 5. Be2 O-O 6. O-O Na6 7. h3 c5 8. Be3
cxd4 9. Nxd4 Nc5 10. f3 Nh5 11. Bc4 a6 12. a4 e5 13. Nde2 Ne6 14. Nd5 Kh8 15.
Qd2 f5 16. Nb6 f4 17. Bf2 Ng5 18. Kh2 Bxh3 19. Ng1 Bxg2 20. Kxg2 Nxe4 21. fxe4
Qg5+ 22. Kh1 Qh6 23. Nh3 Ng3+ 24. Bxg3 Rad8 25. Bh2 Qxh3 26. Qg2 Qh6 27. Rf3 g5
28. Rg1 Bf6 29. Nd5 Rc8 30. Bb3 Bd8 31. Qh3 Qxh3 32. Rxh3 Kg7 33. Rc3 Rxc3 34.
Nxc3 h5 35. Rd1 Rf6 36. Nd5 Rg6 37. Kg2 Kh6 38. Rg1 g4 39. Nxf4 exf4 40. Bxf4+
Kg7 41. Rd1 Be7 42. e5 dxe5 43. Bxe5+ Kh6 44. Rd7 Bf6 45. Bf4+ Bg5 46. Bxg5+
Kxg5 47. Bf7 Rh6 48. Rd5+ Kh4 49. a5 Rh7 50. Rf5 g3 51. c4 Kg4 52. Be6 Re7 53.
Bc8 Kh4 54. Rf4+ Kg5 55. Kxg3 h4+ 56. Rxh4 Re3+ 57. Kf2 Rb3 58. Rd4 Rxb2+ 59.
Ke3 Kf6 60. Rd6+ 1-0

[Event "XXII Olimpiadi"]
[Site "Haifa ISR"]
[Date "1976.11.01"]
[Round "7.3"]
[White "Paoli, Enrico"]
[Black "Amos, Bruce M."]
[Result "1-0"]
[WhiteElo "2265"]
[BlackElo "2420"]
[Annotator "ITA-CAN"]
[PlyCount "63"]
[EventDate "1976.10.25"]

1. e4 c5 2. Nf3 d6 3. d4 cxd4 4. Nxd4 Nf6 5. Nc3 a6 6. Bg5 e6 7. Qd2 Be7 8.
O-O-O O-O 9. f4 Qc7 10. Bd3 Nbd7 11. Rhe1 b5 12. e5 dxe5 13. fxe5 b4 14. exf6
bxc3 15. Bxh7+ Kxh7 16. Qd3+ Kg8 17. fxe7 Re8 18. Nb3 cxb2+ 19. Kb1 Rb8 20. Re4
Rb5 21. Rc4 Qb8 22. Rxc8 Qxc8 23. Qxd7 Qxd7 24. Rxd7 Rxg5 25. Rd8 f5 26. Rxe8+
Kf7 27. Rd8 Kxe7 28. Rd2 e5 29. c4 e4 30. c5 e3 31. Re2 f4 32. g3 1-0

[Event "XXII Olimpiadi"]
[Site "Haifa ISR"]
[Date "1976.11.01"]
[Round "7.1"]
[White "Tatai, Stefano"]
[Black "Biyiasas, Peter"]
[Result "0-1"]
[WhiteElo "2465"]
[BlackElo "2460"]
[Annotator "ITA-CAN"]
[PlyCount "52"]
[EventDate "1976.10.25"]

1. e4 e5 2. Nf3 Nc6 3. Bb5 g6 4. c3 d6 5. d4 Bd7 6. dxe5 dxe5 7. Bg5 f6 8. Be3
Qe7 9. Nbd2 Bh6 10. Qe2 Kf8 11. Nb3 Bxe3 12. fxe3 Nh6 13. O-O Kg7 14. h3 Nf7
15. Rf2 Rhf8 16. Raf1 Rae8 17. Bd3 Ncd8 18. Nh2 Nd6 19. Nc5 Bc8 20. b4 b6 21.
Nb3 h5 22. c4 Bb7 23. Qc2 N6f7 24. Rxf6 Qxb4 25. Qf2 Qe7 26. g4 Ng5 0-1

[Event "XXII Olimpiadi"]
[Site "Haifa ISR"]
[Date "1976.11.01"]
[Round "7.2"]
[White "Yanofsky, Daniel Abraham"]
[Black "Toth, Bela"]
[Result "0-1"]
[WhiteElo "2430"]
[BlackElo "2405"]
[Annotator "ITA-CAN"]
[PlyCount "120"]
[EventDate "1976.10.25"]

1. d4 Nf6 2. c4 e6 3. Nf3 b6 4. g3 Ba6 5. Nbd2 c5 6. Bg2 Bb7 7. O-O Be7 8. b3
O-O 9. Bb2 d6 10. Qc2 cxd4 11. Nxd4 Bxg2 12. Kxg2 Qc7 13. Rad1 Nbd7 14. N2f3 a6
15. Qb1 Qb7 16. Kg1 b5 17. Rc1 Rfc8 18. cxb5 Rxc1 19. Rxc1 axb5 20. Nc6 Bf8 21.
b4 d5 22. Na5 Qb8 23. a3 Ne4 24. Qd3 h6 25. Bd4 Nd6 26. Ne5 Qe8 27. Nxd7 Qxd7
28. Bb2 Rd8 29. Rc2 Nc4 30. Nxc4 dxc4 31. Qxd7 Rxd7 32. Kg2 g6 33. Kf3 h5 34.
h4 f5 35. Bc1 e5 36. Kg2 Kf7 37. Be3 Ke6 38. Rc1 Rd8 39. a4 bxa4 40. Rxc4 Ra8
41. Rc6+ Kd5 42. b5 a3 43. Bd2 Bd6 44. Bc3 Rb8 45. Rxd6+ Kxd6 46. Bb4+ Kd5 47.
Bxa3 Rxb5 48. f3 Kc4 49. Kf2 Kc3 50. Ke1 Rb1+ 51. Kf2 Kd2 52. Bd6 Rb5 53. Bc7
Kd1 54. Kf1 e4 55. Bf4 Rb2 56. fxe4 fxe4 57. e3 Re2 58. Bg5 Kd2 59. Bf4 Kd3 60.
Bg5 Rxe3 0-1

[Event "XXII Olimpiadi"]
[Site "Haifa ISR"]
[Date "1976.11.02"]
[Round "8.4"]
[White "Paoli, Enrico"]
[Black "Godoy Bugueno, David Arturo"]
[Result "0-1"]
[WhiteElo "2265"]
[BlackElo "2335"]
[Annotator "ITA-CHI"]
[PlyCount "80"]
[EventDate "1976.10.25"]

1. e4 e5 2. Nf3 Nc6 3. Bc4 Bc5 4. c3 Qe7 5. d4 Bb6 6. O-O d6 7. h3 Nf6 8. Re1
O-O 9. a4 a6 10. b3 h6 11. Ba3 Re8 12. Bd5 Bd7 13. Nbd2 exd4 14. Nc4 Ba7 15.
cxd4 Qd8 16. Bxc6 Bxc6 17. d5 Bd7 18. Qd3 b5 19. axb5 axb5 20. Ncd2 Nh5 21. Bb2
Bb6 22. Bd4 Rxa1 23. Bxa1 Nf4 24. Qc3 f6 25. Nf1 Bxh3 26. gxh3 Qd7 27. N3h2
Nxh3+ 28. Kg2 Nf4+ 29. Kh1 Bxf2 30. Rd1 Qe7 31. e5 fxe5 32. Qf3 Bb6 33. Qg4 Rf8
34. Ng3 Qf7 35. Ne4 h5 36. Qf3 Qg6 37. Bc3 Nxd5 38. Qe2 Nxc3 39. Nxc3 Rf2 40.
Qe4 Qg3 0-1

[Event "XXII Olimpiadi"]
[Site "Haifa ISR"]
[Date "1976.11.02"]
[Round "8.3"]
[White "Scholz Solis, Guillermo"]
[Black "Micheli, Carlo"]
[Result "1-0"]
[WhiteElo "2325"]
[BlackElo "2305"]
[Annotator "ITA-CHI"]
[PlyCount "77"]
[EventDate "1976.10.25"]

1. e4 c5 2. Nf3 d6 3. d4 cxd4 4. Nxd4 Nf6 5. Nc3 a6 6. Be3 e5 7. Nb3 Qc7 8. Be2
Be6 9. O-O b5 10. a4 b4 11. Nd5 Bxd5 12. exd5 Nbd7 13. Qd2 Be7 14. Rfd1 a5 15.
c3 bxc3 16. Qxc3 Qxc3 17. bxc3 O-O 18. Bb5 Bd8 19. Bc6 Rc8 20. c4 Nb8 21. Bb5
Ne4 22. Rac1 f5 23. f3 Nc5 24. Nxc5 Bb6 25. Kh1 Bxc5 26. Bd2 Bb6 27. c5 Bxc5
28. Bxa5 e4 29. fxe4 fxe4 30. Rf1 e3 31. g3 Rf7 32. Rxf7 Kxf7 33. Rc4 g5 34. h4
Kg6 35. Re4 gxh4 36. gxh4 Rf8 37. Kg2 Kh6 38. Kg3 Rf7 39. Bc3 1-0

[Event "XXII Olimpiadi"]
[Site "Haifa ISR"]
[Date "1976.11.02"]
[Round "8.1"]
[White "Silva Sanchez, Carlos"]
[Black "Tatai, Stefano"]
[Result "1/2-1/2"]
[WhiteElo "2365"]
[BlackElo "2465"]
[Annotator "ITA-CHI"]
[PlyCount "34"]
[EventDate "1976.10.25"]

1. Nf3 Nf6 2. c4 g6 3. g3 Bg7 4. Bg2 O-O 5. O-O d6 6. d4 c6 7. Nc3 Bf5 8. Nh4
Be6 9. d5 cxd5 10. cxd5 Bd7 11. Be3 a5 12. Bd4 a4 13. Ne4 Na6 14. Nxf6+ Bxf6
15. Rc1 Rc8 16. Qd2 Bxd4 17. Qxd4 Rc5 1/2-1/2

[Event "XXII Olimpiadi"]
[Site "Haifa ISR"]
[Date "1976.11.03"]
[Round "9.1"]
[White "Ludgate, Alan Templeton"]
[Black "Tatai, Stefano"]
[Result "1/2-1/2"]
[WhiteElo "2255"]
[BlackElo "2465"]
[Annotator "ITA-IRL"]
[PlyCount "80"]
[EventDate "1976.10.25"]

1. c4 Nf6 2. g3 g6 3. Bg2 Bg7 4. Nc3 O-O 5. e4 c5 6. Nge2 Nc6 7. O-O Ne8 8. d3
Nc7 9. a3 Ne6 10. Rb1 a5 11. Nb5 d6 12. b3 Ned4 13. Nbxd4 Nxd4 14. Nxd4 Bxd4
15. Bb2 Rb8 16. a4 Qb6 17. Qd2 Bxb2 18. Rxb2 Qb4 19. Rd1 Qxd2 20. Rdxd2 e5 21.
Bf3 Bh3 22. Bg2 Bd7 23. f3 f5 24. Bh3 Rbd8 25. Rf2 Kg7 26. Bf1 h5 27. Be2 Rf6
28. Bd1 Rdf8 29. Kg2 Bc6 30. h3 h4 31. g4 Kh6 32. Rbe2 Kg5 33. Bc2 Bd7 34. Bd1
R6f7 35. Rd2 Bc6 36. Rde2 Kh6 37. Rd2 Kh7 38. Rde2 Kg8 39. Rd2 Kg7 40. Rde2 Kh6
1/2-1/2

[Event "XXII Olimpiadi"]
[Site "Haifa ISR"]
[Date "1976.11.04"]
[Round "10.2"]
[White "Shaw, Terrey Ian"]
[Black "Toth, Bela"]
[Result "0-1"]
[WhiteElo "2390"]
[BlackElo "2405"]
[Annotator "ITA-AUS"]
[PlyCount "112"]
[EventDate "1976.10.25"]

1. e4 c5 2. Nc3 Nc6 3. Nf3 Nf6 4. e5 Ng4 5. Qe2 d6 6. exd6 Qxd6 7. Ne4 Qd5 8.
c4 Qd8 9. h3 Nf6 10. Nxc5 Nb4 11. d3 Qa5 12. Nb3 Nxd3+ 13. Kd1 Nxc1 14. Nxa5
Nxe2 15. Kxe2 e6 16. g3 b6 17. Nb3 Ba6 18. Nbd2 Rc8 19. Rc1 Bd6 20. Bg2 O-O 21.
Rhd1 Rc7 22. Kf1 Rfc8 23. Kg1 Kf8 24. a3 Ke7 25. Ng5 b5 26. Nde4 Nxe4 27. Nxe4
Be5 28. f4 Bxb2 29. Rb1 Bxa3 30. cxb5 Bb7 31. Ra1 Rc1 32. Kf1 Rxd1+ 33. Rxd1
Rc2 34. Bf3 Bb2 35. Nd2 Bxf3 36. Nxf3 Rc5 37. Rb1 Rxb5 38. Ne5 a6 39. Nd3 Bc3
40. Rc1 Ba5 41. Nc5 Bd2 42. Rc2 a5 43. Nd3 Be3 44. Rc7+ Kd6 45. Rxf7 a4 46. Ke2
Bd4 47. Rf8 Bb6 48. Ra8 Ra5 49. Rxa5 Bxa5 50. Nb2 Bc3 51. Nxa4 Bd4 52. Kf3 Kd5
53. g4 e5 54. f5 e4+ 55. Kf4 e3 56. Kf3 Ke5 0-1

[Event "XXII Olimpiadi"]
[Site "Haifa ISR"]
[Date "1976.11.04"]
[Round "10.1"]
[White "Tatai, Stefano"]
[Black "Jamieson, Robert Murray"]
[Result "1/2-1/2"]
[WhiteElo "2465"]
[BlackElo "2420"]
[Annotator "ITA-AUS"]
[PlyCount "58"]
[EventDate "1976.10.25"]

1. e4 c5 2. Nf3 Nc6 3. d4 cxd4 4. Nxd4 Nf6 5. Nc3 e5 6. Ndb5 d6 7. Nd5 Nxd5 8.
exd5 Ne7 9. c4 a6 10. Nc3 Nf5 11. Bd3 Be7 12. Ne4 O-O 13. O-O Bd7 14. Bd2 b5
15. cxb5 axb5 16. a3 Qb6 17. Bc3 Nd4 18. Bb1 f5 19. Bxd4 exd4 20. Nd2 Bf6 21.
Bd3 Rfc8 22. Qf3 g6 23. Rfc1 Qa5 24. Qd1 Bg5 25. Rxc8+ Rxc8 26. Nf3 Bf6 27. Rc1
Qa6 28. Rxc8+ Qxc8 29. g3 Qc5 1/2-1/2

[Event "XXII Olimpiadi"]
[Site "Haifa ISR"]
[Date "1976.11.06"]
[Round "11.1"]
[White "Preissmann, Emmanuel"]
[Black "Tatai, Stefano"]
[Result "0-1"]
[WhiteElo "2265"]
[BlackElo "2465"]
[Annotator "ITA-FRA"]
[PlyCount "219"]
[EventDate "1976.10.25"]

1. e4 c5 2. Nf3 d6 3. d4 cxd4 4. Nxd4 Nf6 5. Nc3 a6 6. g3 e5 7. Nde2 Be7 8. Bg2
O-O 9. O-O b5 10. a4 Bb7 11. axb5 axb5 12. Rxa8 Bxa8 13. Bg5 b4 14. Bxf6 Bxf6
15. Nd5 Bxd5 16. Qxd5 Qc7 17. c3 Qb6 18. Qb3 Nc6 19. Rd1 Be7 20. cxb4 Rb8 21.
Qc4 Nxb4 22. Nc3 Qc6 23. Qb3 Bd8 24. Bf1 Bb6 25. Rd2 Bc5 26. Bc4 Qc7 27. Nb5
Qe7 28. Qd1 Rb6 29. b3 g6 30. Nc3 Kg7 31. Na4 Rb7 32. Nxc5 dxc5 33. Qa1 Ra7 34.
Qc3 Ra2 35. Rxa2 Nxa2 36. Qa1 Nb4 37. f4 Nc6 38. Bd5 Nd4 39. fxe5 Nf3+ 40. Kg2
Nxe5 41. Qc3 h5 42. Qe3 Ng4 43. Qc3+ Kg8 44. h3 Ne5 45. Qe3 Kh7 46. h4 Ng4 47.
Qf4 Kg7 48. Bc4 Qa7 49. Qd2 Qa1 50. Be2 Nf6 51. Bf3 Qe5 52. Qe2 Ne8 53. Qd2 Nc7
54. b4 c4 55. Qc2 Nb5 56. Qxc4 Qb2+ 57. Kh3 Nd4 58. Bg2 Nc2 59. Qe2 Qb3 60. Qd1
Qc4 61. b5 Ne3 62. Qa1+ Kg8 63. Qb2 Qe6+ 64. Kh2 Ng4+ 65. Kh1 Qd6 66. Qb3 Qd2
67. Qf3 Qe1+ 68. Bf1 Ne3 69. b6 Nxf1 70. b7 Nd2+ 71. Kg2 Qb1 72. Qf4 Qxb7 73.
Qxd2 Qxe4+ 74. Kh2 Kf8 75. Qh6+ Ke7 76. Qg5+ Ke6 77. Qd2 Qc4 78. Qf2 Ke5 79.
Qe3+ Kd5 80. Qf3+ Kd4 81. Kh3 Qc8+ 82. Kh2 Qc2+ 83. Kg1 Qf5 84. Qb3 Qd3 85.
Qb2+ Qc3 86. Qb6+ Kd3 87. Qb7 Qe1+ 88. Kh2 Qe2+ 89. Kh3 Qe6+ 90. Kh2 f5 91.
Qf3+ Kd2 92. Qa3 Ke2 93. Qb2+ Kf1 94. Qg2+ Ke1 95. Qg1+ Ke2 96. Qc1 Qe3 97. Qc6
Qe4 98. Qc1 Kf2 99. Qg1+ Ke2 100. Qc1 Qe3 101. Qc6 f4 102. Qxg6 f3 103. Qxh5
Kf1 104. Qg5 Qe2+ 105. Kh3 Qg2+ 106. Kg4 Kg1 107. Kh5 f2 108. Qe3 Kh2 109. g4
f1=Q 110. g5 0-1

[Event "XXII Olimpiadi"]
[Site "Haifa ISR"]
[Date "1976.11.06"]
[Round "11.2"]
[White "Toth, Bela"]
[Black "Seret, Jean-Luc"]
[Result "1-0"]
[WhiteElo "2405"]
[BlackElo "2410"]
[Annotator "ITA-FRA"]
[PlyCount "59"]
[EventDate "1976.10.25"]

1. d4 g6 2. c4 Bg7 3. Nc3 Nf6 4. e4 O-O 5. Nf3 d6 6. Be2 Bg4 7. Be3 Nfd7 8. Rc1
e5 9. d5 a5 10. Nd2 Bxe2 11. Qxe2 f5 12. f3 Bh6 13. O-O Bxe3+ 14. Qxe3 f4 15.
Qe2 g5 16. b3 h5 17. a3 Rf6 18. Ra1 Rg6 19. b4 g4 20. Na4 Nf6 21. c5 h4 22.
fxg4 Nxg4 23. Nc4 h3 24. g3 axb4 25. axb4 Nxh2 26. Qxh2 Qd7 27. cxd6 fxg3 28.
Qe2 Rxa4 29. Qh5 Rg7 30. Rf8+ 1-0

[Event "XXII Olimpiadi"]
[Site "Haifa ISR"]
[Date "1976.11.07"]
[Round "12.2"]
[White "Micheli, Carlo"]
[Black "Levy, David Neil Lawrence"]
[Result "1/2-1/2"]
[WhiteElo "2305"]
[BlackElo "2320"]
[Annotator "ITA-SCO"]
[PlyCount "91"]
[EventDate "1976.10.25"]

1. e4 c5 2. Nf3 d6 3. d4 cxd4 4. Nxd4 Nf6 5. Nc3 g6 6. h3 Bg7 7. Bc4 O-O 8. Bb3
a6 9. O-O b5 10. Re1 Bb7 11. Nd5 e6 12. Nxf6+ Bxf6 13. Bh6 Re8 14. c3 Nd7 15.
Qg4 Ne5 16. Qg3 Rc8 17. Rad1 Rc7 18. Re2 Rd7 19. Rf1 Bh4 20. Qe3 Nc4 21. Qc1
Bf6 22. Nf3 e5 23. Bc2 d5 24. exd5 Bxd5 25. Ng5 Nd6 26. b3 e4 27. g4 Re5 28. h4
Ree7 29. Rd1 Ba8 30. Re3 Qc7 31. Bb1 Ne8 32. Nxe4 Bxh4 33. Rde1 Bxe4 34. Rxe4
Nf6 35. Rxe7 Rxe7 36. Rxe7 Qxe7 37. Qf4 Qe1+ 38. Kg2 Qxf2+ 39. Qxf2 Bxf2 40.
Kf3 Be1 41. c4 bxc4 42. bxc4 Nd7 43. Ke4 Bf2 44. Bc2 Nf6+ 45. Kf3 Bc5 46. Ba4
1/2-1/2

[Event "XXII Olimpiadi"]
[Site "Haifa ISR"]
[Date "1976.11.07"]
[Round "12.1"]
[White "Pritchett, Craig William"]
[Black "Toth, Bela"]
[Result "1/2-1/2"]
[WhiteElo "2410"]
[BlackElo "2405"]
[Annotator "ITA-SCO"]
[PlyCount "129"]
[EventDate "1976.10.25"]

1. e4 e5 2. Nf3 Nf6 3. Nxe5 d6 4. Nf3 Nxe4 5. d4 d5 6. Bd3 Be7 7. O-O Nc6 8. c4
Nf6 9. Nc3 O-O 10. Re1 Bg4 11. cxd5 Nxd4 12. Bxh7+ Nxh7 13. Qxd4 Bxf3 14. gxf3
Bf6 15. Qd3 Qd7 16. Bf4 Rfe8 17. Bg3 Rad8 18. Rad1 Nf8 19. Ne4 Bxb2 20. Qb3 Be5
21. Qxb7 Ng6 22. d6 Qh3 23. Ng5 Qf5 24. dxc7 Rxd1 25. Rxd1 Bxc7 26. Qxc7 Qxg5
27. Qxa7 Nh4 28. Qd7 Ra8 29. Qg4 Qxg4 30. fxg4 Nf3+ 31. Kg2 Ng5 32. Ra1 Ra4 33.
a3 f6 34. f3 Ne6 35. Bd6 g5 36. Bb4 Nf4+ 37. Kg3 Nd5 38. Re1 Kf7 39. h4 gxh4+
40. Kxh4 Ra8 41. Rd1 Ke6 42. Kg3 Rg8 43. Re1+ Kf7 44. Rh1 Rb8 45. Bc5 Rc8 46.
Bd4 Rc4 47. Rd1 f5 48. gxf5 Ne7 49. Bf2 Nxf5+ 50. Kg2 Ke6 51. Rd3 Ne7 52. Re3+
Kd7 53. Rd3+ Kc6 54. Rb3 Nd5 55. Bg3 Rc2+ 56. Kh3 Ra2 57. f4 Re2 58. f5 Re3 59.
Rxe3 Nxe3 60. f6 Kd7 61. Bh4 Ke8 62. a4 Nd5 63. a5 Nxf6 64. a6 Nd5 65. a7
1/2-1/2

[Event "XXII Olimpiadi"]
[Site "Haifa ISR"]
[Date "1976.11.09"]
[Round "13.2"]
[White "Beyen, Roland"]
[Black "Toth, Bela"]
[Result "0-1"]
[WhiteElo "2280"]
[BlackElo "2405"]
[Annotator "ITA-BEL"]
[PlyCount "80"]
[EventDate "1976.10.25"]

1. d4 Nf6 2. Nf3 b6 3. e3 Bb7 4. Bd3 c5 5. c3 g6 6. O-O Bg7 7. e4 cxd4 8. Nxd4
e5 9. Nc2 d5 10. f3 Nbd7 11. Bg5 Nc5 12. Qe2 O-O 13. Nd2 h6 14. Bxf6 Bxf6 15.
exd5 Nxd3 16. Qxd3 Qxd5 17. Qxd5 Bxd5 18. Ne4 Bg7 19. Rfd1 Rad8 20. Ne3 Be6 21.
a4 f5 22. Nd6 Rd7 23. Nb5 Rxd1+ 24. Rxd1 Bb3 25. Rd6 Bxa4 26. Nxa7 Ra8 27. Nc6
Bf8 28. Rxg6+ Kh7 29. Re6 Bc5 30. Rxe5 Bxc6 31. b4 Ra1+ 32. Kf2 Ra2+ 33. Kf1
Bb5+ 34. c4 Bxe3 35. Rxb5 f4 36. c5 bxc5 37. bxc5 Rf2+ 38. Ke1 Rxg2 39. h4 Rc2
40. h5 Rxc5 0-1